<?xml version='1.0' encoding='UTF-8'?>
  <record xmlns="http://www.loc.gov/MARC21/slim">
    <leader>00000cam a2200000 i 4500</leader>
    <controlfield tag="001">ocn780571581</controlfield>
    <controlfield tag="003">OCoLC</controlfield>
    <controlfield tag="005">20250805200754.6</controlfield>
    <controlfield tag="008">790327s1910    ne       m    000 0 dut d</controlfield>
    <datafield tag="010" ind1=" " ind2=" ">
      <subfield code="a">   11022226 </subfield>
    </datafield>
    <datafield tag="040" ind1=" " ind2=" ">
      <subfield code="a">NLGGC</subfield>
      <subfield code="b">dut</subfield>
      <subfield code="e">fobidrtb</subfield>
      <subfield code="c">NLGGC</subfield>
      <subfield code="d">OCLCO</subfield>
      <subfield code="d">OCLCF</subfield>
      <subfield code="d">OCLCO</subfield>
      <subfield code="d">OCLCQ</subfield>
      <subfield code="d">OCLCL</subfield>
      <subfield code="d">OCLCQ</subfield>
      <subfield code="d">OCLCL</subfield>
      <subfield code="d">OCLCQ</subfield>
    </datafield>
    <datafield tag="029" ind1="0" ind2=" ">
      <subfield code="a">NLGGC</subfield>
      <subfield code="b">782670105</subfield>
    </datafield>
    <datafield tag="035" ind1=" " ind2=" ">
      <subfield code="a">(OCoLC)780571581</subfield>
    </datafield>
    <datafield tag="050" ind1=" " ind2="0">
      <subfield code="a">PT6407.B55x</subfield>
      <subfield code="b">D8 1910</subfield>
    </datafield>
    <datafield tag="082" ind1="1" ind2="4">
      <subfield code="a">839.2</subfield>
      <subfield code="q">OCoLC</subfield>
      <subfield code="1">https://id.oclc.org/worldcat/ddc/E4cpFCmmj6KFHCtqrt9WwkDXcM</subfield>
    </datafield>
    <datafield tag="100" ind1="0" ind2=" ">
      <subfield code="a">Boetius,</subfield>
      <subfield code="c">à Bolswert,</subfield>
      <subfield code="d">ca. 1580-1633.</subfield>
      <subfield code="1">https://id.oclc.org/worldcat/entity/E39PBJw4DJYyxrJcpW66mgfjG3</subfield>
    </datafield>
    <datafield tag="245" ind1="1" ind2="0">
      <subfield code="a">Duyfkens ende Willemynkens pelgrimagie tot haren beminden binnen Iervsalem, haerlieder teghenspoet, belet ende eynde :</subfield>
      <subfield code="b">met sin-spelende beelden wtghegheven /</subfield>
      <subfield code="c">door Boetivs a Bolswert ; met inleiding, aanteekeningen en woordenlijst ... door Hilletje Jacoba Adolphina Ruys.</subfield>
    </datafield>
    <datafield tag="260" ind1=" " ind2=" ">
      <subfield code="a">Utrecht :</subfield>
      <subfield code="b">A. Oosthoek,</subfield>
      <subfield code="c">1910.</subfield>
    </datafield>
    <datafield tag="300" ind1=" " ind2=" ">
      <subfield code="a">416 p. :</subfield>
      <subfield code="b">ill. ;</subfield>
      <subfield code="c">22 cm.</subfield>
    </datafield>
    <datafield tag="336" ind1=" " ind2=" ">
      <subfield code="a">tekst</subfield>
      <subfield code="b">txt</subfield>
      <subfield code="2">rdacontent/dut</subfield>
    </datafield>
    <datafield tag="337" ind1=" " ind2=" ">
      <subfield code="a">zonder medium</subfield>
      <subfield code="b">n</subfield>
      <subfield code="2">rdamedia/dut</subfield>
    </datafield>
    <datafield tag="338" ind1=" " ind2=" ">
      <subfield code="a">band</subfield>
      <subfield code="b">nc</subfield>
      <subfield code="2">rdacarrier/dut</subfield>
    </datafield>
    <datafield tag="500" ind1=" " ind2=" ">
      <subfield code="a">Met facs. van de t.-p. van de orig. ed.: Amsterdam, 1627.</subfield>
    </datafield>
    <datafield tag="502" ind1=" " ind2=" ">
      <subfield code="a">Proefschrift Utrecht.</subfield>
    </datafield>
    <datafield tag="530" ind1=" " ind2=" ">
      <subfield code="a">Boek wordt verfilmd.</subfield>
    </datafield>
    <datafield tag="650" ind1=" " ind2="0">
      <subfield code="a">Dutch literature.</subfield>
    </datafield>
    <datafield tag="600" ind1="0" ind2="4">
      <subfield code="a">Boetius,</subfield>
      <subfield code="c">à Bolswert,</subfield>
      <subfield code="d">ca. 1580-1633.</subfield>
      <subfield code="0">(NL-LeOCL)071299327</subfield>
    </datafield>
    <datafield tag="650" ind1=" " ind2="6">
      <subfield code="a">Littérature néerlandaise.</subfield>
    </datafield>
    <datafield tag="650" ind1=" " ind2="7">
      <subfield code="a">Dutch literature.</subfield>
      <subfield code="2">fast</subfield>
      <subfield code="0">(OCoLC)fst00899846</subfield>
    </datafield>
    <datafield tag="700" ind1="1" ind2=" ">
      <subfield code="a">Ruys, Hilletje Jacoba Adolphina,</subfield>
      <subfield code="d">1881-1956.</subfield>
      <subfield code="1">https://id.oclc.org/worldcat/entity/E39PCjKjKPQFGkv6VPfkdhMmwK</subfield>
    </datafield>
    <datafield tag="936" ind1=" " ind2=" ">
      <subfield code="a">BATCHLOAD</subfield>
    </datafield>
  </record>